000
00311nam a2200133Ia 4500
005
20251222155116.0
008
251222s9999||||xx |||||||||||||| ||spa||
082
_a
MEQ.119
100
_a
CONTRERAS SANTOS.
245
0
_a
Fisiopatología
250
_a
1ra. ed.
264
_b
Mc Graw Hill-Interam.
942
_c
LIB
999
_c
38246
_d
38246